000 00341 a2200157 4500
001 192906
020 _a85-08-08375-0
040 _cMagnum
100 _aIacocca, Liliana
240 1 0 _aDe onde vocĂȘ veio?
_lpor
245 1 0 _aDe onde vocĂȘ veio?
300 _a48
362 0 _a2006
697 _aLITERATURA INFANTO-JUVENIL
942 _cBK
999 _c192906
_d192906